| 000 | 00996cab a2200301 4500 | ||
|---|---|---|---|
| 001 | ABS54551 | ||
| 008 | 090401t1996 xxu||||| |||| 00| 0 eng d | ||
| 035 | _a(Sirsi) u11066 | ||
| 041 | _aeng | ||
| 100 | _aAikivuori, A. | ||
| 245 | _aPeriods and demand for private sector housing refurbishment | ||
| 260 | _c1996 | ||
| 350 | _a0 | ||
| 490 |
_aConstruction Management & Economics _v14(1) January 1996, 3-12(10) |
||
| 520 | _aAnalysis of the causes for refurbishment in private sector housing market, comparing durability failures to obsolescence and considering how the timing of refurbishment varies according to cause. | ||
| 650 | _aDETERIORATION | ||
| 650 | _aDURABILITY | ||
| 650 | _aLIFE CYCLE | ||
| 650 | _aOBSOLESCENCE | ||
| 650 | _aPERFORMANCE | ||
| 650 | _aBUILT ENVIRONMENT-BUILDING MAINTENANCE AND REFURBISHMENT | ||
| 650 | _aREPAIRS | ||
| 650 |
_aRESIDENTIAL PROPERTY _96266 |
||
| 650 | _aSERVICE LIFE | ||
| 690 | _aHOUSING | ||
| 942 | _n0 | ||
| 948 | _c04/03/1997 | ||
| 999 |
_c7055 _d7055 |
||